Current medical diagnosis and treatment

Zapisane w:
Opis bibliograficzny
Format: Książka
Język:Undetermined
Wydane: New York McGraw-Hill 2004
Hasła przedmiotowe:
Etykiety: Dodaj etykietę
Nie ma etykietki, Dołącz pierwszą etykiete!
Thư viện lưu trữ: Trung tâm Học liệu Trường Đại học Cần Thơ
LEADER 00562nam a2200193Ia 4500
001 CTU_61443
008 210402s9999 xx 000 0 und d
020 |c 686000 
082 |a 616.01 
082 |b C976 
245 0 |a Current medical diagnosis and treatment 
245 0 |c Edited by Lawrence M Tierney, Stephen J. McPhee and maxine A. Papadakis 
260 |a New York 
260 |b McGraw-Hill 
260 |c 2004 
650 |a Diagnosis 
650 |x Diagnosis and treatment 
904 |i Minh,Hải 
980 |a Trung tâm Học liệu Trường Đại học Cần Thơ